000 02029cam a22006134i 4500
003 PE-LiUPU
005 20250731170419.0
008 150623s1999 mx r 000 0 spa d
020 _a9701006348
020 _a9789701006344
035 _a(Sirsi) i9789701006344
040 _aPE-LiUPU
_bspa
_cPE-LiUPU
_erda
049 _aPRUA
082 0 4 _a152.8
_bN93
_221
100 1 _aNunnally, Jum C.,
_eautor.
245 1 0 _aTeoría psicométrica /
_cJum C. Nunnally.
264 1 _aMéxico, DF :
_bMcGraw-Hill/Interamericana de México,
_c1999.
300 _a843 páginas :
_bilustraciones ;
_c23 centímetros
336 _atext
_2rdacontent
337 _aunmediated
_2rdamedia
338 _avolume
_2rdacarrier
504 _aBibliografía: páginas 795-822.
504 _aÍndice: páginas 823-843.
505 0 _aFundamentos estadísticos -- Construcción de medidas de reactivos múltiples -- Análisis factorial -- Modelos estadísticos, conceptos y tópicos adicionales.
526 _aSEG68
526 _aSEG70
526 _aSEG69
526 _aSEG67
526 _aSEG43
526 _aP144
526 _aP143
526 _aP131
526 _aP122
526 _aP120
526 _aP117
526 _aP112
526 _aP110
526 _aP106
526 _aP101
526 _aP80
526 _aP59
526 _aP54
526 _aP35
526 _aP33
526 _aP30
650 0 4 _aPsicometría.
700 1 _aBernstein, Ira J.,
_eeditor.
942 _2ddc
_cBOOK
949 _a152.8 N93
_wDEWEY
_c1
_i48272
_d2016-9-14
_e2016-9-7
_lCCODEBUL1
_mBUL
_n9
_r0
_sY
_tBOOK
_u2015-6-24
_xEDUCACION
_zUNKNOWN
_0COMPRA
_o.STAFF. Colección Ciencias Humanas y Educación
994 _aC0
_bPEPRU
596 _a1
999 _a152.8 N93
_wDEWEY
_c25850
_i48272
_d25850
_e2018-8-14
_f2021-11-30
_g6
_lCCODEBUL1
_mBUL
_n10
_p78.00
_r0
_sY
_tBOOK
_u2015-6-24
_xEDUCACION
_zUNKNOWN
_0COMPRA
_o.STAFF. Colección Ciencias Humanas y Educación
980 _81
_gALBERTO SANCHEZ Responsable de Automatización